000 00524nam a2200193Ia 4500
001 19342
003 GE_BSU
008 181216s||||||||xx |||||||||||||| ||und||
040 _cGE_BSU
245 _aАгрохимия №9 Сентябрь 2016
245 _cГл. ред. В.Н. Кудеяров
260 _aМосква
260 _bНаука
260 _c2016
300 _a95 стр. 29см.
653 _aАгрохимия №9 Сентябрь 2016
653 _aპედაგოგიკა
942 _cCR
999 _c52326
_d52326